| 000 | 00333cam a2200133ua 4500 | ||
|---|---|---|---|
| 082 |
_a333.79 _bMAN/WI |
||
| 100 |
_aMani, Anna . _91581 |
||
| 100 |
_aMooley, D. A . _91582 |
||
| 245 | _aWind Energy Data for India / | ||
| 250 | _a1 / | ||
| 260 |
_aMumbai : _bAllied Publishers Pvt Ltd , _c1983. |
||
| 300 | _a545 ; . | ||
| 942 | _cREF | ||
| 999 |
_c8854 _d8854 |
||